[Event "Muensterland Verbandsklasse 2526"]
[Site "Germany"]
[Date "2026.03.14"]
[Round "7"]
[Board "8"]
[White "Droste, Michael"]
[Black "Gross Hardt, Jaime Josef"]
[Result "1/2-1/2"]
[WhiteElo "1536"]
[BlackElo "1402"]
[WhiteFideId "-1"]
[BlackFideId "-1"]
[PlyCount "63"]
[GameId "2288290218531945"]
[EventDate "2025.??.??"]
[EventType "team-tourn"]
[EventRounds "9"]
[EventCountry "GER"]
[SourceTitle "Verband Muensterland"]
[SourceDate "2026.01.17"]
[SourceVersion "1"]
[SourceVersionDate "2026.01.17"]
[SourceQuality "1"]
[WhiteTeam "Nordkirchen"]
[BlackTeam "Bocholt II"]
[WhiteTeamCountry "GER"]
[BlackTeamCountry "GER"]

1. d4 d5 2. c4 e6 3. Nc3 Nf6 4. Bg5 Be7 5. e3 O-O 6. Nf3 Nc6 7. a3 Ne4 8. Bxe7 Nxe7 9. Nxe4 dxe4 10. Nd2 e5 11. Nxe4 exd4 12. exd4 Re8 13. Be2 Nf5 14. Nc3 Nxd4 15. O-O Nxe2+ 16. Nxe2 Bg4 17. Qxd8 Raxd8 18. Nc3 Rd2 19. f3 Bf5 20. Rf2 Rd4 21. c5 Rc4 22. Rd2 Rxc5 23. Rad1 Rce5 24. Kf2 f6 25. g4 Be6 26. f4 Rc5 27. h3 Kf7 28. Re1 Bc4 29. Rd7+ Kf8 30. Rxe8+ Kxe8 31. Rxg7 h5 32. g5 1/2-1/2

[Event "Muensterland Verbandsklasse 2526"]
[Site "Germany"]
[Date "2026.03.14"]
[Round "7"]
[Board "2"]
[White "Pinno, Gregor"]
[Black "Kecker, Lars"]
[Result "0-1"]
[WhiteElo "1976"]
[BlackElo "1866"]
[WhiteFideId "-1"]
[BlackFideId "-1"]
[PlyCount "86"]
[GameId "558910584783"]
[EventDate "2025.??.??"]
[EventType "team-tourn"]
[EventRounds "9"]
[EventCountry "GER"]
[SourceTitle "Verband Muensterland"]
[SourceDate "2026.01.17"]
[SourceVersion "1"]
[SourceVersionDate "2026.01.17"]
[SourceQuality "1"]
[WhiteTeam "Olfen"]
[BlackTeam "Greven"]
[WhiteTeamCountry "GER"]
[BlackTeamCountry "GER"]

1. Nf3 Nf6 2. g3 d5 3. Bg2 Bf5 4. O-O Nbd7 5. d3 e6 6. Nbd2 c6 7. Nh4 Bg4 8. Qe1 Be7 9. e4 dxe4 10. dxe4 Qb6 11. Nc4 Qa6 12. b3 Nb6 13. Ne3 Be2 14. f4 Nxe4 15. Bxe4 Bxf1 16. Nxf1 Nd5 17. c4 Bf6 18. cxd5 Bxa1 19. dxe6 Bd4+ 20. Kh1 O-O 21. Nd2 Bf6 22. f5 Rae8 23. Nc4 fxe6 24. fxe6 Bxh4 25. gxh4 Rf6 26. e7 Rxe7 27. Bg5 c5 28. Bxh7+ Kf8 29. Qd1 Qe6 30. Bxf6 gxf6 31. Qd2 Rxh7 32. Qd8+ Kg7 33. Qc7+ Qf7 34. Qxc5 Qd7 35. Qxa7 Qd5+ 36. Kg1 Rxh4 37. Ne3 Qg5+ 38. Kh1 Qb5 39. Qb8 Qc6+ 40. Kg1 Qc1+ 41. Nf1 Rg4+ 42. Kf2 Qc2+ 43. Kf3 Qe4+ 0-1

[Event "Muensterland Verbandsklasse 2526"]
[Site "Germany"]
[Date "2026.03.14"]
[Round "7"]
[Board "3"]
[White "Schaefertoens, Robert"]
[Black "Limberg, Thomas"]
[Result "1/2-1/2"]
[WhiteElo "1774"]
[BlackElo "1815"]
[WhiteFideId "-1"]
[BlackFideId "-1"]
[PlyCount "73"]
[GameId "558910773222"]
[EventDate "2025.??.??"]
[EventType "team-tourn"]
[EventRounds "9"]
[EventCountry "GER"]
[SourceTitle "Verband Muensterland"]
[SourceDate "2026.01.17"]
[SourceVersion "1"]
[SourceVersionDate "2026.01.17"]
[SourceQuality "1"]
[WhiteTeam "Greven"]
[BlackTeam "Olfen"]
[WhiteTeamCountry "GER"]
[BlackTeamCountry "GER"]

1. Nf3 Nf6 2. d4 d5 3. Bf4 e6 4. c3 Bd6 5. Bxd6 cxd6 6. Nbd2 O-O 7. e3 Nc6 8. Be2 e5 9. dxe5 dxe5 10. O-O Bf5 11. Nh4 Qd7 12. Nxf5 Qxf5 13. Rc1 Rad8 14. Qc2 Qxc2 15. Rxc2 d4 16. exd4 exd4 17. Bf3 d3 18. Rcc1 Ne5 19. Rcd1 Nd5 20. g3 a5 21. Kg2 a4 22. Rfe1 f6 23. Bxd5+ Rxd5 24. f4 Nd7 25. Kf3 f5 26. Re7 Rc8 27. Rde1 b5 28. Re8+ Rxe8 29. Rxe8+ Kf7 30. Re1 Nb6 31. b3 axb3 32. axb3 Rc5 33. Rc1 Nd5 34. c4 bxc4 35. bxc4 Rc6 36. Rb1 Nf6 37. Rb3 1/2-1/2

[Event "Muensterland Verbandsklasse 2526"]
[Site "Germany"]
[Date "2026.03.14"]
[Round "7"]
[Board "4"]
[White "Preuss, Richard"]
[Black "Volk, Hans Ludwig"]
[Result "1-0"]
[WhiteElo "1798"]
[BlackElo "1756"]
[WhiteFideId "-1"]
[BlackFideId "-1"]
[PlyCount "95"]
[GameId "558910984160"]
[EventDate "2025.??.??"]
[EventType "team-tourn"]
[EventRounds "9"]
[EventCountry "GER"]
[SourceTitle "Verband Muensterland"]
[SourceDate "2026.01.17"]
[SourceVersion "1"]
[SourceVersionDate "2026.01.17"]
[SourceQuality "1"]
[WhiteTeam "Olfen"]
[BlackTeam "Greven"]
[WhiteTeamCountry "GER"]
[BlackTeamCountry "GER"]

1. e4 d6 2. Nf3 Nf6 3. Nc3 g6 4. d4 c6 5. Bc4 Bg7 6. Bg5 O-O 7. h3 b5 8. Bd3 b4 9. Ne2 Qc7 10. c3 a5 11. a3 bxc3 12. Nxc3 Re8 13. O-O Nbd7 14. Rc1 Nb6 15. Re1 Bd7 16. Qd2 e5 17. d5 c5 18. Be3 Qb8 19. Ng5 h6 20. Nf3 Kh7 21. Nh2 Ng8 22. f4 f6 23. Qf2 Nc8 24. Rf1 Nce7 25. fxe5 fxe5 26. Qd2 Rf8 27. Rxf8 Qxf8 28. Rf1 Qe8 29. Qe2 Rb8 30. Rf2 Rb7 31. Qf1 g5 32. Bc1 Ng6 33. g3 Bc8 34. Bb5 Bd7 35. Bxd7 Qxd7 36. Ng4 Qe7 37. Ne3 Bf8 38. Nc4 Qc7 39. Rxf8 Nxf8 40. Qxf8 Rb8 41. Qxd6 Qb7 42. Qxe5 Rf8 43. Ne3 Rf3 44. Kg2 Rxe3 45. Bxe3 Qxb2+ 46. Kf3 Qxa3 47. Qc7+ Kg6 48. Qxc5 1-0

[Event "Muensterland Verbandsklasse 2526"]
[Site "Germany"]
[Date "2026.03.14"]
[Round "7"]
[Board "5"]
[White "Soppe, Peter"]
[Black "Beutelhoff, Josef"]
[Result "1/2-1/2"]
[WhiteElo "1547"]
[BlackElo "1820"]
[WhiteFideId "-1"]
[BlackFideId "-1"]
[PlyCount "96"]
[GameId "558911526711"]
[EventDate "2025.??.??"]
[EventType "team-tourn"]
[EventRounds "9"]
[EventCountry "GER"]
[SourceTitle "Verband Muensterland"]
[SourceDate "2026.01.17"]
[SourceVersion "1"]
[SourceVersionDate "2026.01.17"]
[SourceQuality "1"]
[WhiteTeam "Greven"]
[BlackTeam "Olfen"]
[WhiteTeamCountry "GER"]
[BlackTeamCountry "GER"]

1. c4 Nf6 2. Nc3 e5 3. g3 d5 4. cxd5 Nxd5 5. Bg2 Nb6 6. e3 Nc6 7. a3 a5 8. Nge2 Bd6 9. Na4 Nxa4 10. Qxa4 Be6 11. Bxc6+ bxc6 12. Qxc6+ Bd7 13. Qc2 O-O 14. d4 Qf6 15. Bd2 Qf3 16. Rg1 Bf5 17. Qc4 Be6 18. Qc3 Bg4 19. Qc4 Bc8 20. Nc3 exd4 21. Qxd4 Bb7 22. Qc4 Be5 23. Qe2 Qc6 24. f4 Bf6 25. Rc1 Qd7 26. g4 Rfe8 27. g5 Bd4 28. Rg3 g6 29. Nd1 Ba6 30. Qf2 Bb6 31. Bc3 Rad8 32. Bf6 Rc8 33. Qd2 Qb5 34. Qf2 Re6 35. Nc3 Qf5 36. Be5 Bb7 37. Qc2 Rxe5 38. fxe5 Qxe5 39. Nd1 Qd5 40. Nf2 Re8 41. Rd1 Qb5 42. a4 Qb4+ 43. Qc3 Qxc3+ 44. bxc3 Bxe3 45. Kf1 Bf4 46. Rg4 Bxh2 47. Rgd4 Bd6 48. Ng4 Ba6+ 1/2-1/2

[Event "Muensterland Verbandsklasse 2526"]
[Site "Germany"]
[Date "2026.03.14"]
[Round "7"]
[Board "6"]
[White "Boenigk, Winfried"]
[Black "Soppe, Victoria"]
[Result "1-0"]
[WhiteElo "1750"]
[BlackElo "1471"]
[WhiteFideId "-1"]
[BlackFideId "-1"]
[PlyCount "59"]
[GameId "558912027506"]
[EventDate "2025.??.??"]
[EventType "team-tourn"]
[EventRounds "9"]
[EventCountry "GER"]
[SourceTitle "Verband Muensterland"]
[SourceDate "2026.01.17"]
[SourceVersion "1"]
[SourceVersionDate "2026.01.17"]
[SourceQuality "1"]
[WhiteTeam "Olfen"]
[BlackTeam "Greven"]
[WhiteTeamCountry "GER"]
[BlackTeamCountry "GER"]

1. d4 d5 2. c4 e6 3. Nc3 c6 4. Nf3 Bd6 5. Bg5 f6 6. Bh4 Ne7 7. e3 Nf5 8. Bg3 Nxg3 9. hxg3 Nd7 10. Nh4 Nf8 11. Bd3 f5 12. cxd5 cxd5 13. Rc1 Bd7 14. O-O a6 15. Na4 Bxa4 16. Qxa4+ b5 17. Qb3 g5 18. Nxf5 exf5 19. Qxd5 f4 20. exf4 gxf4 21. Rfe1+ Be7 22. Qh5+ Kd7 23. Qf5+ Ke8 24. Qxf4 Ng6 25. Qf6 Rg8 26. Rc6 Kd7 27. Qe6+ Ke8 28. Qxg8+ Nf8 29. d5 Qa5 30. Rce6 1-0

[Event "Muensterland Verbandsklasse 2526"]
[Site "Germany"]
[Date "2026.03.14"]
[Round "7"]
[Board "7"]
[White "Hornemann, Ulrich"]
[Black "Hoppe, Marc"]
[Result "0-1"]
[WhiteElo "1416"]
[BlackElo "1587"]
[WhiteFideId "-1"]
[BlackFideId "-1"]
[PlyCount "144"]
[GameId "558912223712"]
[EventDate "2025.??.??"]
[EventType "team-tourn"]
[EventRounds "9"]
[EventCountry "GER"]
[SourceTitle "Verband Muensterland"]
[SourceDate "2026.01.17"]
[SourceVersion "1"]
[SourceVersionDate "2026.01.17"]
[SourceQuality "1"]
[WhiteTeam "Greven"]
[BlackTeam "Olfen"]
[WhiteTeamCountry "GER"]
[BlackTeamCountry "GER"]

1. d4 c6 2. e4 d5 3. e5 Bf5 4. Nf3 Nd7 5. b4 e6 6. a3 a5 7. b5 c5 8. c3 c4 9. Be2 a4 10. O-O Be7 11. Qd2 Qb6 12. Bd1 Qxb5 13. Bc2 Nh6 14. h3 Bxc2 15. Qxc2 Nf5 16. g4 Nh4 17. Nxh4 Bxh4 18. Nd2 h5 19. Rb1 Qc6 20. f3 Nf8 21. Kg2 Ng6 22. Qd1 Nf4+ 23. Kh2 Nd3 24. Qe2 Be7 25. f4 g6 26. g5 Nxc1 27. Rfxc1 Bxa3 28. Rf1 b5 29. Nf3 Kd7 30. Qa2 Be7 31. Nd2 Rhb8 32. Ra1 b4 33. cxb4 Bxb4 34. Nb1 c3 35. Rc1 Rc8 36. Qc2 a3 37. Ra2 Qc4 38. Rd1 Kc6 39. Rd3 Kb5 40. Rd1 Be7 41. Rd3 Bb4 42. Rd1 Ra4 43. Rd3 Qc7 44. Rd1 Qa5 45. Rd3 Rc4 46. Rd1 Qb6 47. Rd3 Qc6 48. Rd1 Ka6 49. Rd3 Ka7 50. Rd1 Be7 51. Rd3 Rxd4 52. Rxc3 Rdc4 53. Rxc4 Qxc4 54. Qxc4 dxc4 55. Kg2 Kb6 56. Nc3 Ra5 57. Kf2 Bb4 58. Ne2 Kc5 59. Ke3 Kd5 60. Nc1 Bc5+ 61. Kf3 Bb4 62. Ke3 Rc5 63. Rc2 Ra5 64. Na2 Bc5+ 65. Kf3 Bd4 66. Nb4+ Kc5 67. Na2 c3 68. Ke2 Kc4 69. Nc1 a2 70. Nxa2 Kb3 71. Kd3 Rxa2 72. Rxa2 Kxa2 0-1

[Event "Muensterland Verbandsklasse 2526"]
[Site "Germany"]
[Date "2026.03.14"]
[Round "7"]
[Board "8"]
[White "Huening, Matthias"]
[Black "Bielsky, Jens"]
[Result "0-1"]
[WhiteElo "1435"]
[BlackElo "1260"]
[WhiteFideId "-1"]
[BlackFideId "-1"]
[PlyCount "116"]
[GameId "558912841865"]
[EventDate "2025.??.??"]
[EventType "team-tourn"]
[EventRounds "9"]
[EventCountry "GER"]
[SourceTitle "Verband Muensterland"]
[SourceDate "2026.01.17"]
[SourceVersion "1"]
[SourceVersionDate "2026.01.17"]
[SourceQuality "1"]
[WhiteTeam "Olfen"]
[BlackTeam "Greven"]
[WhiteTeamCountry "GER"]
[BlackTeamCountry "GER"]

1. e4 d5 2. exd5 Qxd5 3. Nc3 Qa5 4. Bc4 Nf6 5. d3 c6 6. Bd2 Qc7 7. Qe2 e6 8. Nf3 Bd6 9. a3 h6 10. h3 b6 11. Ne4 Nxe4 12. Qxe4 Bb7 13. O-O-O Nd7 14. Bc3 Nf6 15. Qe3 O-O-O 16. Be5 Rhf8 17. Rhg1 Kb8 18. Rde1 c5 19. Bxd6 Qxd6 20. Kb1 Nd7 21. Ne5 Nxe5 22. Qxe5 Qxe5 23. Rxe5 Bd5 24. Ba6 Kc7 25. b4 f6 26. Re3 Rfe8 27. c4 Bc6 28. h4 Re7 29. g3 e5 30. Kc2 Kd6 31. Rge1 Rde8 32. Kc3 f5 33. f3 g6 34. Kd2 g5 35. hxg5 hxg5 36. Rf1 f4 37. gxf4 exf4 38. Ree1 Rxe1 39. Rxe1 Rxe1 40. Kxe1 Bxf3 41. Bc8 Ke5 42. Kf2 g4 43. Bd7 Kd4 44. Bf5 Bb7 45. Bxg4 Kxd3 46. Be6 a6 47. Bd5 Bc8 48. Kf3 Kd4 49. Bf7 Bh3 50. Kxf4 Bf1 51. bxc5 bxc5 52. Bg6 Bxc4 53. Kf3 Kc3 54. Ke3 a5 55. Be8 Bb3 56. Bc6 a4 57. Bd7 Kb2 58. Kd2 c4 0-1

[Event "Muensterland Verbandsklasse 2526"]
[Site "Germany"]
[Date "2026.03.14"]
[Round "7"]
[Board "1"]
[White "Raus, Michael"]
[Black "Huelsmann, Josef"]
[Result "1/2-1/2"]
[WhiteElo "1702"]
[BlackElo "2011"]
[WhiteFideId "-1"]
[BlackFideId "-1"]
[PlyCount "43"]
[GameId "2290172243108598"]
[EventDate "2025.??.??"]
[EventType "team-tourn"]
[EventRounds "9"]
[EventCountry "GER"]
[SourceTitle "Verband Muensterland"]
[SourceDate "2026.01.17"]
[SourceVersion "1"]
[SourceVersionDate "2026.01.17"]
[SourceQuality "1"]
[WhiteTeam "Steinfurt II"]
[BlackTeam "Nordwalde"]
[WhiteTeamCountry "GER"]
[BlackTeamCountry "GER"]

1. e4 c6 2. d4 d5 3. exd5 cxd5 4. c3 Nc6 5. Nf3 Bg4 6. Nbd2 e6 7. Qa4 Bd6 8. Ne5 Bxe5 9. dxe5 Bf5 10. g4 Bg6 11. h4 h5 12. Bb5 Qc7 13. gxh5 Bxh5 14. f4 Nge7 15. Nb3 Kf8 16. Bxc6 Nxc6 17. Be3 a6 18. Nd4 Nxd4 19. Qxd4 Rc8 20. Kf2 Bg6 21. Rac1 Be4 22. Rh2 1/2-1/2

[Event "Muensterland Verbandsklasse 2526"]
[Site "Germany"]
[Date "2026.03.14"]
[Round "7"]
[Board "2"]
[White "Lerke, Bernd"]
[Black "Freitag, Michael"]
[Result "1-0"]
[WhiteElo "1869"]
[BlackElo "1716"]
[WhiteFideId "-1"]
[BlackFideId "-1"]
[PlyCount "111"]
[GameId "2290172243108600"]
[EventDate "2025.??.??"]
[EventType "team-tourn"]
[EventRounds "9"]
[EventCountry "GER"]
[SourceTitle "Verband Muensterland"]
[SourceDate "2026.01.17"]
[SourceVersion "1"]
[SourceVersionDate "2026.01.17"]
[SourceQuality "1"]
[WhiteTeam "Nordwalde"]
[BlackTeam "Steinfurt II"]
[WhiteTeamCountry "GER"]
[BlackTeamCountry "GER"]

1. Nf3 e6 2. c4 d5 3. b3 f5 4. Bb2 Nf6 5. e3 Bd6 6. Be2 O-O 7. Nc3 c6 8. d3 Nbd7 9. Nd4 Ne5 10. h3 Nf7 11. cxd5 exd5 12. Qd2 Nh6 13. Bf3 Qe7 14. Nce2 f4 15. exf4 Bb4 16. Bc3 Bxc3 17. Qxc3 Nf5 18. Nxf5 Bxf5 19. O-O Qf7 20. Nd4 Bd7 21. Rae1 Nh5 22. Bxh5 Qxh5 23. Re7 Bxh3 24. Ne6 Rf7 25. Rxf7 Qxf7 26. Ng5 Qxf4 27. Nxh3 Qf5 28. Re1 Qd7 29. Qe5 Rf8 30. Qe7 Rd8 31. Qe6+ Qf7 32. Ng5 Qxe6 33. Nxe6 Rd7 34. Nc5 Rc7 35. Kf1 Kf7 36. Re3 h6 37. d4 b6 38. Nd3 a5 39. Ke2 Kf8 40. Nf4 Rc8 41. Rc3 Kf7 42. Nxd5 b5 43. Ne3 g6 44. a4 bxa4 45. bxa4 Rb8 46. Rxc6 Rb4 47. Rc4 Rb2+ 48. Nc2 Ke6 49. Kd2 Rb8 50. Rc5 Ra8 51. Ne3 Kd6 52. Nc4+ Ke6 53. Rxa5 Rc8 54. Ne3 Rf8 55. Ra6+ Kf7 56. Ng4 1-0

[Event "Muensterland Verbandsklasse 2526"]
[Site "Germany"]
[Date "2026.03.14"]
[Round "7"]
[Board "3"]
[White "Terhorst, Timo"]
[Black "Hols, Bernhard"]
[Result "1/2-1/2"]
[WhiteElo "1644"]
[BlackElo "1792"]
[WhiteFideId "-1"]
[BlackFideId "-1"]
[PlyCount "40"]
[GameId "2290172243174138"]
[EventDate "2025.??.??"]
[EventType "team-tourn"]
[EventRounds "9"]
[EventCountry "GER"]
[SourceTitle "Verband Muensterland"]
[SourceDate "2026.01.17"]
[SourceVersion "1"]
[SourceVersionDate "2026.01.17"]
[SourceQuality "1"]
[WhiteTeam "Steinfurt II"]
[BlackTeam "Nordwalde"]
[WhiteTeamCountry "GER"]
[BlackTeamCountry "GER"]

1. Nf3 Nf6 2. c4 c5 3. g3 g6 4. Bg2 Bg7 5. Nc3 Nc6 6. d3 d6 7. O-O O-O 8. Rb1 e5 9. Bg5 h6 10. Bxf6 Bxf6 11. Nd5 Bg7 12. a3 Be6 13. Nd2 Rb8 14. Qa4 Bd7 15. Qd1 Nd4 16. e3 Ne6 17. b4 f5 18. f4 exf4 19. exf4 b5 20. Re1 Re8 1/2-1/2

[Event "Muensterland Verbandsklasse 2526"]
[Site "Germany"]
[Date "2026.03.14"]
[Round "7"]
[Board "4"]
[White "Sandmann, Matthias"]
[Black "Mellinger, Thomas"]
[Result "1-0"]
[WhiteElo "1766"]
[BlackElo "1662"]
[WhiteFideId "-1"]
[BlackFideId "-1"]
[PlyCount "57"]
[GameId "2290172243174140"]
[EventDate "2025.??.??"]
[EventType "team-tourn"]
[EventRounds "9"]
[EventCountry "GER"]
[SourceTitle "Verband Muensterland"]
[SourceDate "2026.01.17"]
[SourceVersion "1"]
[SourceVersionDate "2026.01.17"]
[SourceQuality "1"]
[WhiteTeam "Nordwalde"]
[BlackTeam "Steinfurt II"]
[WhiteTeamCountry "GER"]
[BlackTeamCountry "GER"]

1. Nf3 Nf6 2. g3 g6 3. Bg2 Bg7 4. O-O O-O 5. c4 c5 6. Nc3 Nc6 7. e3 e6 8. a3 a6 9. Rb1 d5 10. cxd5 exd5 11. b4 d4 12. Na4 cxb4 13. axb4 Bf5 14. Rb3 dxe3 15. fxe3 Be6 16. Rb1 Bf5 17. Rb3 a5 18. bxa5 Qxa5 19. Nc3 Bd3 20. Re1 Qa6 21. Bf1 Bxf1 22. Rxf1 Rad8 23. Ba3 Rfe8 24. Qb1 Rd7 25. Bc5 Ne5 26. Nxe5 Rxe5 27. Rb6 Qa5 28. Bd4 Re6 29. Rxe6 1-0

[Event "Muensterland Verbandsklasse 2526"]
[Site "Germany"]
[Date "2026.03.14"]
[Round "7"]
[Board "5"]
[White "Raus, Christina"]
[Black "Draeger, Till"]
[Result "0-1"]
[WhiteElo "1557"]
[BlackElo "1811"]
[WhiteFideId "-1"]
[BlackFideId "-1"]
[PlyCount "28"]
[GameId "2290172243174142"]
[EventDate "2025.??.??"]
[EventType "team-tourn"]
[EventRounds "9"]
[EventCountry "GER"]
[SourceTitle "Verband Muensterland"]
[SourceDate "2026.01.17"]
[SourceVersion "1"]
[SourceVersionDate "2026.01.17"]
[SourceQuality "1"]
[WhiteTeam "Steinfurt II"]
[BlackTeam "Nordwalde"]
[WhiteTeamCountry "GER"]
[BlackTeamCountry "GER"]

1. d4 Nf6 2. c4 e6 3. Nc3 Bb4 4. Bd2 b6 5. Nf3 Bb7 6. e3 O-O 7. Bd3 d6 8. a3 Bxc3 9. Bxc3 Ne4 10. Qc2 f5 11. O-O Nd7 12. Be2 Rf6 13. Nd2 Rg6 14. f3 Qg5 0-1

[Event "Muensterland Verbandsklasse 2526"]
[Site "Germany"]
[Date "2026.03.14"]
[Round "7"]
[Board "6"]
[White "Szych, Lothar"]
[Black "Weiermann, Ewald"]
[Result "1-0"]
[WhiteElo "1526"]
[BlackElo "1603"]
[WhiteFideId "-1"]
[BlackFideId "-1"]
[PlyCount "73"]
[GameId "2290172243174144"]
[EventDate "2025.??.??"]
[EventType "team-tourn"]
[EventRounds "9"]
[EventCountry "GER"]
[SourceTitle "Verband Muensterland"]
[SourceDate "2026.01.17"]
[SourceVersion "1"]
[SourceVersionDate "2026.01.17"]
[SourceQuality "1"]
[WhiteTeam "Nordwalde"]
[BlackTeam "Steinfurt II"]
[WhiteTeamCountry "GER"]
[BlackTeamCountry "GER"]

1. d4 e6 2. c4 d5 3. Nc3 Nf6 4. Bg5 Be7 5. Nf3 O-O 6. e3 c5 7. Be2 Nc6 8. dxc5 dxc4 9. Bxc4 Qa5 10. O-O Qxc5 11. Be2 h6 12. Bxf6 Bxf6 13. Ne4 Qe7 14. Nxf6+ Qxf6 15. Qc2 Ne5 16. Rfd1 Nxf3+ 17. Bxf3 Qe5 18. Rd2 Rb8 19. Rad1 b6 20. Rd8 Ba6 21. R8d7 Rfc8 22. Qb1 Qb5 23. h3 Qc5 24. Rxa7 Bb5 25. b4 Qc4 26. Bh5 Rc7 27. Rxc7 Qxc7 28. Qb2 Rc8 29. Be2 Ba4 30. Rd2 Qc1+ 31. Qxc1 Rxc1+ 32. Kh2 Rb1 33. a3 Ra1 34. Rd6 b5 35. Rb6 Rxa3 36. Bxb5 Kf8 37. Ra6 1-0

[Event "Muensterland Verbandsklasse 2526"]
[Site "Germany"]
[Date "2026.03.14"]
[Round "7"]
[Board "7"]
[White "Dehler, Markus"]
[Black "Keller, Hansjuergen"]
[Result "1/2-1/2"]
[WhiteElo "1574"]
[BlackElo "1506"]
[WhiteFideId "-1"]
[BlackFideId "-1"]
[PlyCount "46"]
[GameId "2290172243174146"]
[EventDate "2025.??.??"]
[EventType "team-tourn"]
[EventRounds "9"]
[EventCountry "GER"]
[SourceTitle "Verband Muensterland"]
[SourceDate "2026.01.17"]
[SourceVersion "1"]
[SourceVersionDate "2026.01.17"]
[SourceQuality "1"]
[WhiteTeam "Steinfurt II"]
[BlackTeam "Nordwalde"]
[WhiteTeamCountry "GER"]
[BlackTeamCountry "GER"]

1. d4 d5 2. Nf3 Nf6 3. c3 e6 4. Bf4 Bd6 5. e3 Bxf4 6. exf4 c5 7. dxc5 Qc7 8. g3 Qxc5 9. Bg2 O-O 10. O-O Nc6 11. Nbd2 b5 12. Qe2 a6 13. Ne5 Bb7 14. Nb3 Qb6 15. Nxc6 Bxc6 16. Nd4 Bb7 17. Kh1 b4 18. Rab1 a5 19. Rfe1 Ba6 20. Qd2 Rac8 21. f5 Rfe8 22. fxe6 fxe6 23. Rbc1 bxc3 1/2-1/2

[Event "Muensterland Verbandsklasse 2526"]
[Site "Germany"]
[Date "2026.03.14"]
[Round "7"]
[Board "8"]
[White "Overesch, Dieter"]
[Black "Radisic, Sascha"]
[Result "1-0"]
[WhiteElo "1658"]
[BlackElo "1561"]
[WhiteFideId "-1"]
[BlackFideId "-1"]
[PlyCount "73"]
[GameId "2290172243174148"]
[EventDate "2025.??.??"]
[EventType "team-tourn"]
[EventRounds "9"]
[EventCountry "GER"]
[SourceTitle "Verband Muensterland"]
[SourceDate "2026.01.17"]
[SourceVersion "1"]
[SourceVersionDate "2026.01.17"]
[SourceQuality "1"]
[WhiteTeam "Nordwalde"]
[BlackTeam "Steinfurt II"]
[WhiteTeamCountry "GER"]
[BlackTeamCountry "GER"]

1. d4 Nf6 2. Nf3 b6 3. Bf4 Bb7 4. Nbd2 d6 5. e3 g6 6. Be2 Bg7 7. c3 Nbd7 8. O-O O-O 9. a4 a5 10. Re1 Nh5 11. Bg5 h6 12. Bh4 g5 13. Bg3 Nxg3 14. hxg3 e5 15. dxe5 Nxe5 16. Nxe5 dxe5 17. Bf3 Bxf3 18. Nxf3 Qxd1 19. Rexd1 Rad8 20. e4 Bf6 21. Kf1 Rfe8 22. Ke2 Re6 23. Rxd8+ Bxd8 24. Nd2 Kf8 25. Nc4 Be7 26. Ne3 Kg7 27. g4 Kg6 28. Rh1 Bc5 29. Nf5 Bf8 30. Rd1 Bd6 31. Kd3 Bc5 32. f3 Rd6+ 33. Nxd6 Bxd6 34. Kc4 h5 35. Rxd6+ cxd6 36. Kd5 Kf6 37. Kxd6 1-0

[Event "Muensterland Verbandsklasse 2526"]
[Site "Germany"]
[Date "2026.03.14"]
[Round "7"]
[Board "1"]
[White "Kloenne, Tim"]
[Black "Pohl, Tim"]
[Result "1/2-1/2"]
[WhiteElo "1803"]
[BlackElo "1945"]
[WhiteFideId "-1"]
[BlackFideId "-1"]
[PlyCount "60"]
[GameId "2095106920076468"]
[EventDate "2025.??.??"]
[EventType "team-tourn"]
[EventRounds "9"]
[EventCountry "GER"]
[SourceTitle "Verband Muensterland"]
[SourceDate "2026.01.17"]
[SourceVersion "1"]
[SourceVersionDate "2026.01.17"]
[SourceQuality "1"]
[WhiteTeam "Gronau II"]
[BlackTeam "Telgte"]
[WhiteTeamCountry "GER"]
[BlackTeamCountry "GER"]

1. c4 e5 2. Nc3 Nc6 3. Nf3 f5 4. b3 e4 5. Ng1 Nf6 6. Bb2 d5 7. e3 Be6 8. cxd5 Nxd5 9. d4 Bb4 10. Rc1 Qh4 11. g3 Qh6 12. Nge2 g5 13. a3 Bxc3+ 14. Nxc3 Nce7 15. Bc4 c6 16. a4 Rd8 17. Ba3 Nxc3 18. Rxc3 Nd5 19. Bxd5 Bxd5 20. h4 g4 21. a5 b6 22. b4 b5 23. Qc2 Qf6 24. Rc5 O-O 25. Bb2 h5 26. Qd2 Kh7 27. O-O Rde8 28. Re1 Qg6 29. Qc3 f4 30. exf4 Kg8 1/2-1/2

[Event "Muensterland Verbandsklasse 2526"]
[Site "Germany"]
[Date "2026.03.14"]
[Round "7"]
[Board "2"]
[White "Pohl, Detlev"]
[Black "Reinhold, Klaus"]
[Result "0-1"]
[WhiteElo "1859"]
[BlackElo "1773"]
[WhiteFideId "-1"]
[BlackFideId "-1"]
[PlyCount "106"]
[GameId "2095107169440957"]
[EventDate "2025.??.??"]
[EventType "team-tourn"]
[EventRounds "9"]
[EventCountry "GER"]
[SourceTitle "Verband Muensterland"]
[SourceDate "2026.01.17"]
[SourceVersion "1"]
[SourceVersionDate "2026.01.17"]
[SourceQuality "1"]
[WhiteTeam "Telgte"]
[BlackTeam "Gronau II"]
[WhiteTeamCountry "GER"]
[BlackTeamCountry "GER"]

1. e4 e5 2. Nc3 Nf6 3. Bc4 Bc5 4. Nd5 c6 5. Nxf6+ Qxf6 6. Qg4 Bxf2+ 7. Kd1 O-O 8. Nh3 d5 9. Qe2 Bd4 10. exd5 Qh4 11. Qe1 Bg4+ 12. Be2 Qxe1+ 13. Rxe1 Bxh3 14. gxh3 cxd5 15. d3 Nc6 16. c3 Bb6 17. Bf3 Rad8 18. Kc2 f5 19. Bg5 Rd7 20. Bg2 h6 21. Bd2 e4 22. Rad1 Ne5 23. d4 Nc4 24. Bc1 Bc7 25. b3 Nb6 26. h4 Bxh2 27. Bh3 Bd6 28. Rg1 Kh7 29. h5 Rdf7 30. Rg6 Rf6 31. Bxf5 Rxf5 32. Rxd6 Rxh5 33. Re1 Rh2+ 34. Kb1 Rc8 35. Bf4 Rg2 36. c4 dxc4 37. Rxe4 cxb3 38. axb3 Rc3 39. Re7 Rxb3+ 40. Ka1 Rh3 41. Rxh6+ Rxh6 42. Bxh6 Kxh6 43. Rxb7 Rd2 44. Rxa7 Rxd4 45. Kb2 Rd6 46. Kc3 Nd7 47. Ra1 g5 48. Rh1+ Kg6 49. Rg1 Ne5 50. Kb4 g4 51. Kc5 Rd2 52. Ra1 g3 53. Ra8 g2 0-1